| 000 | 00998cab a2200253 4500 | ||
|---|---|---|---|
| 001 | WB3520-15 | ||
| 008 | 090401t1999 xxu||||| |||| 00| 0 eng d | ||
| 035 | _a(Sirsi) u93633 | ||
| 041 | _aeng | ||
| 245 | _aFour lessons for shareholders | ||
| 260 | _c1999 | ||
| 350 | _a0 | ||
| 490 |
_aFinancial Times _v28 May 1999, 26(1) |
||
| 520 | _aDiscusses the need for consolidation in the property sector, and suggests four lessons that need to be learned if it is to be achieved: if a significant change of strategy is agreed, let your largest shareholders know immediately; cash is king; a hostile bid is a last resort; and off-market deals are likely to produce the best price for the buyer only. | ||
| 650 | _aACQUISITIONS | ||
| 650 | _aPROPERTY-COMMERCIAL PROPERTY-COMMERCIAL PROPERTY MARKET | ||
| 650 | _aCOMPANIES | ||
| 650 | _aCONSOLIDATION | ||
| 650 | _aMERGERS | ||
| 650 | _aTAKEOVERS | ||
| 690 | _aPROPERTY-PROPERTY FINANCE AND INVESTMENT | ||
| 942 | _n0 | ||
| 948 | _c28/05/1999 | ||
| 999 |
_c59344 _d59344 |
||